Normal view
MARC view
Entry Personal Name
001 - CONTROL NUMBER
- control field: 87228
003 - CONTROL NUMBER IDENTIFIER
- control field: dpl
005 - DATE AND TIME OF LATEST TRANSACTION
- control field: 20260210102941.0
008 - FIXED-LENGTH DATA ELEMENTS
- fixed length control field: 260210|| aca||aabn | a|a d
040 ## - CATALOGING SOURCE
- Original cataloging agency: dpl
- Transcribing agency: dpl
100 ## - HEADING--PERSONAL NAME
- Personal name: Rosie Llewellyn-Jones
670 ## - SOURCE DATA FOUND
- Source citation: Work cat.: (dpl)214753: Rosie Llewellyn-Jones, A Fatal Friendship: The Nawabs, the British, and the City of Lucknow/, 2026
